000
00294nam a2200109Ia 4500
008
200302s9999 xx 000 0 und d
100
_a
Gallion B. & Simon Eisner
245
_a
The Urban Pattern City Planning and Design
260
_b
D.Van Nostrand Company, Inc.,
260
_c
1959
300
_a
446 P.,
999
_c
15
_d
15